MLB Baseball Hall of Famers Last Team - Statistics

General Stats
  • This quiz has been taken 382 times
  • The average score is 8 of 22
Answer Stats
Player Team % Correct
Babe Ruth Boston Braves
80%
Hank Aaron Milwaukee Brewers
71%
Willie Mays New York Mets
66%
Wade Boggs Tampa Bay Devil Rays
66%
Greg Maddux Los Angeles Dodgers
51%
Yogi Berra New York Mets
50%
Randy Johnson San Francisco Giants
42%
Pedro Martinez Philidelphia Phillies
38%
Andre Dawson Florida Marlins
36%
Rollie Fingers Milwaukee Brewers
34%
Tom Seaver Boston Red Sox
33%
Mike Piazza Oakland Athletics
33%
Vladimir Guerrero Baltimore Orioles
31%
Christy Mathewson Cincinnati Reds
31%
Rickey Henderson Los Angeles Dodgers
28%
John Smoltz St. Louis Cardinals
27%
Trevor Hoffman Milwaukee Brewers
24%
Jim Thome Baltimore Orioles
23%
Jack Morris Cleveland Indians
19%
Juan Marichal Los Angeles Dodgers
19%
Jimmie Foxx Philadelphia Phillies
19%
Warren Spahn San Francisco Giants
12%
No matching quizzes found
Score Distribution
Percent of People with Each Score
Percentile by Number Answered
Your Score History
You have not taken this quiz